000 00796nam a22002417a 4500
003 UA-OsUOA
001 51266
007 ta
008 20140829b un ||||| |||| 00| 0 ukr d
100 _aСарбей В.Г.
090 _a930.1
_bС20
942 _cBK
040 _aUA-OsUOA
_bukr
_cUA-OsUOA
_dUA-OsUOA
245 _aВ.І. Ленін і дожовтнева спадщина історіографії України
300 _a285 с.
955 _a1
041 _aukr
080 _a930.1
260 _aК.
_bНаукова думка
_c1972
650 7 _a930 Історична наука. Допоміжні історичні дисципліни
_2UDC
999 _c431389
_d431389